[Event "33ème Open International d'Avoine"]
[Site "Avoine"]
[Date "2018.07.21"]
[Round "1.10"]
[White "Deslandes, Pascal"]
[Black "Bourdeaud'Huy, Thomas"]
[Result "1-0"]
[WhiteElo "2362"]
[BlackElo "1919"]
[PlyCount "57"]
[EventDate "2018.??.??"]

1. e4 {[%emt 0:00:06]} d6 {[%emt 0:00:09]} 2. d4 {[%emt 0:00:15]} Nf6 {
[%emt 0:00:09]} 3. Nc3 {[%emt 0:00:16]} g6 {[%emt 0:00:14]} 4. Nf3 {
[%emt 0:00:20]} Bg7 {[%emt 0:00:23]} 5. Be2 {[%emt 0:00:26]} c5 {[%emt 0:02:23]
} 6. dxc5 {[%emt 0:08:28]} Qa5 {[%emt 0:00:31]} 7. cxd6 {[%emt 0:04:34]} Nxe4 {
[%emt 0:01:50]} 8. O-O {[%emt 0:00:31]} Nxc3 {[%emt 0:05:48]} 9. bxc3 {
[%emt 0:00:12]} e6 {[%emt 0:10:29]} 10. Rb1 {[%emt 0:07:41]} a6 {[%emt 0:09:43]
} 11. c4 {[%emt 0:13:06]} Qxa2 {[%emt 0:05:20]} 12. Rb3 {[%emt 0:11:44]} Nc6 {
[%emt 0:30:22]} 13. Qd3 {[%emt 0:11:24]} Qa5 {[%emt 0:02:09]} 14. Rd1 {
[%emt 0:03:36]} Nb8 {[%emt 0:15:18]} 15. Bb2 {[%emt 0:02:18]} Bxb2 {
[%emt 0:03:22]} 16. Rxb2 {[%emt 0:00:09]} Nd7 {[%emt 0:02:03]} 17. Qe3 {
[%emt 0:03:38]} h6 {[%emt 0:03:26]} 18. Bd3 {[%emt 0:11:15]} Qc5 {
[%emt 0:01:49]} 19. Qf4 {[%emt 0:06:12]} g5 {[%emt 0:02:56]} 20. Qg3 {
[%emt 0:01:07]} Ra7 {[%emt 0:03:41]} 21. h4 {[%emt 0:01:33]} gxh4 {
[%emt 0:03:20]} 22. Qg7 {[%emt 0:04:59]} Rf8 {[%emt 0:00:16]} 23. Be2 {
[%emt 0:10:07]} Qh5 {[%emt 0:02:14]} 24. Qd4 {[%emt 0:02:32]} Qc5 {
[%emt 0:00:24]} 25. Qxh4 {[%emt 0:00:13]} f6 {[%emt 0:00:44]} 26. Qxh6 {
[%emt 0:00:29]} Rf7 {[%emt 0:00:33]} 27. Nd4 {[%emt 0:01:35]} Qxd6 {
[%emt 0:01:44]} 28. Nb5 {[%emt 0:00:29]} Qe5 {[%emt 0:00:28]} 29. Nd6+ {
[%emt 0:00:27]} 1-0

[Event "33ème Open International d'Avoine"]
[Site "Avoine"]
[Date "2018.07.21"]
[Round "1.11"]
[White "Joly, Julien"]
[Black "Travadon, Loic"]
[Result "1/2-1/2"]
[WhiteElo "1917"]
[BlackElo "2344"]
[PlyCount "135"]
[EventDate "2018.??.??"]

1. e4 c5 2. Nf3 g6 3. d4 cxd4 4. Nxd4 Bg7 5. c4 Nc6 6. Be3 Nf6 7. Nc3 Ng4 8.
Qxg4 Nxd4 9. Qd1 e5 10. Bxd4 exd4 11. Nd5 d6 12. Bd3 O-O 13. O-O Be6 14. b4 Qd7
15. Nf4 Be5 16. Nxe6 fxe6 17. g3 g5 18. Qg4 Kh8 19. Qxg5 Rf3 20. Be2 Rg8 21.
Qxg8+ Kxg8 22. Bxf3 Qa4 23. Bg4 Kf7 24. c5 dxc5 25. bxc5 d3 26. Rab1 Qxe4 27.
Bh3 d2 28. Bg2 Qc2 29. Rxb7+ Kf6 30. Rd7 Qxa2 31. Rxh7 Bd4 32. Bf3 Bxc5 33.
Rh6+ Kg7 34. Rh5 Bd4 35. Rg5+ Kf6 36. Rg4 e5 37. h4 a5 38. h5 a4 39. h6 Qc2 40.
Bd1 Qf5 41. Rh4 Qd3 42. Kg2 e4 43. h7 Ke7 44. h8=Q Bxh8 45. Rxh8 a3 46. Rhh1 a2
47. Bg4 Qc2 48. Ra1 Kd6 49. Rh6+ Kc7 50. Ra6 e3 51. R6xa2 Qe4+ 52. Bf3 e2 53.
Bxe4 d1=Q 54. Bf3 e1=N+ 55. Kf1 Qxf3 56. Kxe1 Qe4+ 57. Kd1 Qd3+ 58. Ke1 Qe4+
59. Kf1 Qh1+ 60. Ke2 Qe4+ 61. Kd2 Qb4+ 62. Kd3 Qb3+ 63. Ke4 Qc4+ 64. Kf3 Qd5+
65. Kg4 Qe6+ 66. Kf3 Qd5+ 67. Ke2 Qe4+ 68. Kf1 1/2-1/2

[Event "33ème Open International d'Avoine"]
[Site "Avoine"]
[Date "2018.07.21"]
[Round "1.12"]
[White "Eugene, Floryan"]
[Black "Dupont, Arthur"]
[Result "1/2-1/2"]
[WhiteElo "2332"]
[BlackElo "1915"]
[PlyCount "88"]
[EventDate "2018.??.??"]

1. e4 c6 2. d4 d5 3. exd5 cxd5 4. c4 Nf6 5. Nf3 Nc6 6. Be2 Bg4 7. Be3 e6 8. Nc3
dxc4 9. Bxc4 Rc8 10. Be2 Be7 11. Qb3 Qb6 12. Qxb6 axb6 13. Rc1 O-O 14. h3 Bxf3
15. Bxf3 Rfd8 16. Rd1 Nb4 17. Bxb7 Rc7 18. Bf3 Nfd5 19. Nxd5 Nxd5 20. Ke2 Rdc8
21. Bxd5 exd5 22. Rc1 f5 23. Rxc7 Rxc7 24. Rc1 Rxc1 25. Bxc1 Kf7 26. a4 Ke6 27.
Bd2 Kd7 28. b4 b5 29. a5 g5 30. Kd3 h6 31. Kc3 Bd6 32. Be1 Kc6 33. Kd3 Kd7 34.
Ke2 Kc6 35. Kf3 Kd7 36. Bd2 Be7 37. Ke2 Bd6 38. g3 Kc6 39. f4 gxf4 40. g4 fxg4
41. hxg4 Be7 42. Kf3 Bg5 43. Bxf4 Kb7 44. Bd6 Ka6 1/2-1/2

[Event "33ème Open International d'Avoine"]
[Site "Avoine"]
[Date "2018.07.21"]
[Round "1.13"]
[White "Imperor, Lorene"]
[Black "Shirazi, Kamran"]
[Result "0-1"]
[WhiteElo "1914"]
[BlackElo "2330"]
[PlyCount "46"]
[EventDate "2018.??.??"]

1. d4 c5 2. d5 e6 3. c4 b5 4. d6 Qb6 5. Na3 a6 6. cxb5 axb5 7. e4 Ba6 8. Qb3 b4
9. e5 Nc6 10. Bxa6 Nd4 11. Qd1 bxa3 12. Rb1 Qxa6 13. b4 Qc4 14. Ne2 Nc2+ 15.
Kf1 Nxb4 16. Rb3 f6 17. f4 Nh6 18. Bxa3 fxe5 19. fxe5 g6 20. Qb1 Bg7 21. Bxb4
O-O+ 22. Ke1 cxb4 23. Rxb4 Qxa2 0-1

[Event "33ème Open International d'Avoine"]
[Site "Avoine"]
[Date "2018.07.21"]
[Round "1.14"]
[White "Viel, Simon"]
[Black "Imperor, Amelie"]
[Result "1/2-1/2"]
[WhiteElo "2316"]
[BlackElo "1912"]
[PlyCount "112"]
[EventDate "2018.??.??"]

1. e4 c5 2. Nf3 e6 3. d4 cxd4 4. Nxd4 Nf6 5. Nc3 d6 6. Bd3 Nc6 7. Nb3 Be7 8.
O-O O-O 9. Qe2 a6 10. a4 Bd7 11. a5 Nb4 12. Be3 Bc6 13. Nd2 d5 14. Bb6 Qb8 15.
e5 Nd7 16. Bd4 Bc5 17. Bxc5 Nxc5 18. Nf3 Nbxd3 19. cxd3 b6 20. b4 Nd7 21. Rfb1
bxa5 22. Rxa5 Qb7 23. d4 Nb6 24. Nd2 Rfc8 25. f3 Nc4 26. Nxc4 dxc4 27. Rc5 Bb5
28. Ne4 Rxc5 29. dxc5 Qd5 30. Nd6 Qd4+ 31. Kh1 c3 32. Qe4 Qxe4 33. fxe4 Bc6 34.
Kg1 Rb8 35. Kf2 Kf8 36. Ke3 c2 37. Rc1 Rxb4 38. Rxc2 Ke7 39. Ra2 Ra4 40. Rb2
Ra5 41. Kd4 f6 42. exf6+ gxf6 43. Rb8 e5+ 44. Kc4 Ra1 45. Rh8 Rc1+ 46. Kb4 a5+
47. Kxa5 Rxc5+ 48. Kb6 Rc2 49. Nf5+ Ke6 50. Ng3 Bd7 51. Rxh7 Kd6 52. Rh6 Rb2+
53. Ka7 Rxg2 54. Rxf6+ Kc7 55. Nf1 Bb5 56. Rf7+ Bd7 1/2-1/2

[Event "33ème Open International d'Avoine"]
[Site "Avoine"]
[Date "2018.07.21"]
[Round "1.15"]
[White "Algaba, Pedro"]
[Black "Tomasi, Albert"]
[Result "1/2-1/2"]
[WhiteElo "1905"]
[BlackElo "2302"]
[PlyCount "193"]
[EventDate "2018.??.??"]

1. e4 c5 2. Nf3 d6 3. d4 cxd4 4. Nxd4 Nf6 5. Nc3 a6 6. Be2 Nbd7 7. Be3 g6 8.
Qd2 Bg7 9. g4 h6 10. O-O-O b5 11. f3 Bb7 12. h4 b4 13. Nb1 Rc8 14. h5 g5 15.
Nf5 Bf8 16. Qxb4 Qc7 17. Qb3 e6 18. Nxd6+ Bxd6 19. Rxd6 Nxe4 20. Rxd7 Kxd7 21.
fxe4 Qxc2+ 22. Qxc2 Rxc2+ 23. Kxc2 Bxe4+ 24. Kd2 Bxh1 25. Bxa6 Rb8 26. Bd4 Bf3
27. Be2 Bxe2 28. Kxe2 Rb4 29. Ke3 e5 30. Bxe5 Rxg4 31. Bg7 Rh4 32. Bxh6 Rxh5
33. Bg7 g4 34. Nd2 g3 35. Bd4 Rf5 36. Nf3 Ke6 37. b4 Kd5 38. b5 g2 39. b6 Kc6
40. Ke4 Ra5 41. Ne5+ Kb7 42. Nc4 Rxa2 43. Kf3 Ra4 44. Nd6+ Kc6 45. b7 Rxd4 46.
Kxg2 Rb4 47. Nxf7 Kxb7 48. Ne5 Kc7 49. Kf3 Kd6 50. Nd3 Ra4 51. Ke3 Kd5 52. Nf4+
Ke5 53. Nd3+ Kf5 54. Nc5 Rc4 55. Nd3 Re4+ 56. Kf3 Re8 57. Nf2 Ke5 58. Ke3 Kd5+
59. Kd3 Rf8 60. Ke3 Rf7 61. Ng4 Rg7 62. Nf6+ Ke5 63. Ne4 Rc7 64. Kd3 Rd7+ 65.
Ke3 Rh7 66. Nf2 Ra7 67. Nd3+ Kf5 68. Kd4 Rd7+ 69. Ke3 Rd8 70. Nf2 Ke5 71. Nd3+
Kd5 72. Nf4+ Kc4 73. Ke4 Rd1 74. Ke3 Re1+ 75. Kf3 Re8 76. Ne2 Kd3 77. Nf4+ Kd2
78. Ng2 Kd3 79. Nf4+ Kd4 80. Ne2+ Kd5 81. Nf4+ Ke5 82. Nd3+ Kd4 83. Nf2 Re7 84.
Ng4 Rf7+ 85. Kg3 Rf8 86. Nf2 Rg8+ 87. Kf3 Rf8+ 88. Kg3 Ke5 89. Ng4+ Kf5 90.
Ne3+ Ke4 91. Ng4 Rg8 92. Kh4 Kf4 93. Nh6 Rg6 94. Kh5 Rg7 95. Kh4 Rg1 96. Kh5
Rg7 97. Kh4 1/2-1/2

[Event "33ème Open International d'Avoine"]
[Site "Avoine"]
[Date "2018.07.21"]
[Round "1.16"]
[White "Schmit, Vincent"]
[Black "Retailleau, Elise"]
[Result "1-0"]
[WhiteElo "2285"]
[BlackElo "1901"]
[PlyCount "89"]
[EventDate "2018.??.??"]

1. e4 c5 2. Nf3 Nc6 3. Bb5 Nd4 4. Bc4 g6 5. Nc3 Bg7 6. O-O d6 7. d3 Bg4 8.
Bxf7+ Kxf7 9. Ng5+ Ke8 10. Qxg4 Nf6 11. Qd1 Rf8 12. f4 h6 13. Nf3 Nc6 14. Nh4
g5 15. fxg5 hxg5 16. Bxg5 Kd7 17. Nf5 Bh8 18. Bxf6 Bxf6 19. Qd2 Rh8 20. Nd5 Be5
21. Nf4 e6 22. Ne3 Qh4 23. g3 Rag8 24. Qg2 Qh6 25. c3 Ne7 26. Nc4 Bf6 27. Rf3
b5 28. Ne3 Bg5 29. Raf1 Nc6 30. Ng4 Qg7 31. Nh5 Qg6 32. Nhf6+ Kd8 33. Nxg8 Rxg8
34. Rf8+ Kc7 35. Rxg8 Qxg8 36. Qf3 Be7 37. h3 Qh8 38. Kh2 b4 39. Rc1 a5 40. Qf7
Kd7 41. Rf1 bxc3 42. Nf6+ Kc7 43. bxc3 Ne5 44. Qxe7+ Kc6 45. d4 1-0

[Event "33ème Open International d'Avoine"]
[Site "Avoine"]
[Date "2018.07.21"]
[Round "1.17"]
[White "Roux, Baptiste"]
[Black "Bouget, Alexandre"]
[Result "0-1"]
[WhiteElo "1901"]
[BlackElo "2282"]
[PlyCount "92"]
[EventDate "2018.??.??"]

1. e4 e6 2. d4 d5 3. Bd3 dxe4 4. Bxe4 Nf6 5. Bf3 c5 6. c3 Nc6 7. Ne2 Be7 8. O-O
O-O 9. Bf4 Qb6 10. Qb3 Qa6 11. dxc5 Bxc5 12. Ng3 e5 13. Bg5 Be6 14. Qc2 Nd7 15.
b4 Be7 16. Bxe7 Nxe7 17. Rd1 Rac8 18. Ne4 Bf5 19. Qb2 Rcd8 20. Rd6 Qc4 21. Na3
Qc7 22. Nb5 Qb8 23. Rad1 a6 24. Na3 Nb6 25. Qd2 Ned5 26. Rxd8 Rxd8 27. c4 Kf8
28. Nc5 e4 29. Bxe4 Bxe4 30. Nxe4 Re8 31. Qd4 Qe5 32. Qc5+ Kg8 33. Ng3 Nf6 34.
Qxb6 Qb2 35. Qa5 h5 36. Qa4 b5 37. cxb5 h4 38. Nh1 Qe5 39. Rf1 Ng4 40. g3 h3
41. Qc2 axb5 42. Qc6 Qe2 43. Nxb5 Re4 44. Nc3 Qxf1+ 45. Kxf1 Nxh2+ 46. Kg1 Nf3+
0-1

[Event "33ème Open International d'Avoine"]
[Site "Avoine"]
[Date "2018.07.21"]
[Round "1.18"]
[White "Malassagne, Raphael"]
[Black "Gey, Marc-Emile"]
[Result "1-0"]
[WhiteElo "2275"]
[BlackElo "1900"]
[PlyCount "51"]
[EventDate "2018.??.??"]

1. d4 d5 2. Bf4 Nf6 3. e3 e6 4. Nd2 c5 5. c3 Nc6 6. Ngf3 Bd6 7. Bg3 Qe7 8. Ne5
Bxe5 9. dxe5 Nd7 10. f4 O-O 11. Bd3 f5 12. exf6 Nxf6 13. e4 e5 14. O-O Bg4 15.
Qe1 exf4 16. Rxf4 dxe4 17. Nxe4 Nxe4 18. Rxe4 Qd7 19. Bc4+ Kh8 20. h3 Bh5 21.
Qe3 Bg6 22. Rh4 b6 23. Kh2 Rae8 24. Rf4 Rxf4 25. Qxf4 Ne5 26. Rf1 1-0

[Event "33ème Open International d'Avoine"]
[Site "Avoine"]
[Date "2018.07.21"]
[Round "1.19"]
[White "Kempinski, Andre"]
[Black "Mazzella, Enzo"]
[Result "0-1"]
[WhiteElo "1898"]
[BlackElo "2273"]
[PlyCount "90"]
[EventDate "2018.??.??"]

1. e4 c5 2. Nf3 e6 3. Nc3 a6 4. d4 cxd4 5. Nxd4 b5 6. Bd3 Qb6 7. Nb3 Qc7 8. O-O
Bb7 9. Kh1 Nf6 10. Bg5 b4 11. Bxf6 gxf6 12. Ne2 h5 13. Qe1 h4 14. h3 Nc6 15. f4
Be7 16. Qf2 Na5 17. Ned4 Nxb3 18. Nxb3 f5 19. Rae1 Rg8 20. Re2 Rg3 21. Qd4
O-O-O 22. Qa7 Qb8 23. Qxb8+ Kxb8 24. Kh2 Rdg8 25. Rff2 fxe4 26. Bxe4 Bxe4 27.
Rxe4 d5 28. Rd4 a5 29. Rd1 Bd8 30. Kh1 Bb6 31. Re2 Kc7 32. Nc1 Kd6 33. Nd3 f6
34. Ne1 Re3 35. Rdd2 Rc8 36. Nf3 Rxe2 37. Rxe2 Rc4 38. Nxh4 Rxf4 39. Nf3 e5 40.
Kh2 e4 41. Nd2 Rf2 42. Rxf2 Bxf2 43. Nb3 a4 44. Nc1 d4 45. b3 Be3 0-1

[Event "33ème Open International d'Avoine"]
[Site "Avoine"]
[Date "2018.07.21"]
[Round "1.20"]
[White "Zachary, Matheo"]
[Black "Dubois, Thomas"]
[Result "1-0"]
[WhiteElo "2271"]
[BlackElo "1895"]
[PlyCount "67"]
[EventDate "2018.??.??"]

1. e4 c6 2. Nc3 d5 3. Nf3 Bg4 4. h3 Bh5 5. exd5 cxd5 6. g4 Bg6 7. Ne5 Nc6 8. d4
e6 9. h4 f6 10. h5 Bf7 11. Nxf7 Kxf7 12. Bd3 Bb4 13. a3 Ba5 14. Be3 Nge7 15. f4
Qd7 16. Qf3 Rae8 17. Kf2 Bxc3 18. bxc3 Na5 19. Rag1 g6 20. Rh4 Nc4 21. Rgh1
Rhg8 22. hxg6+ hxg6 23. Rh7+ Rg7 24. Rxg7+ Kxg7 25. Qh3 Rg8 26. Qh7+ Kf8 27.
Bc1 e5 28. fxe5 fxe5 29. Bg5 Rg7 30. Bh6 Ng8 31. Bxg7+ Qxg7 32. Qxg7+ Kxg7 33.
Bxc4 dxc4 34. dxe5 1-0

[Event "33ème Open International d'Avoine"]
[Site "Avoine"]
[Date "2018.07.21"]
[Round "1.21"]
[White "Bourdeaux, Gabin"]
[Black "Coiffait, Pierre-Basile"]
[Result "1/2-1/2"]
[WhiteElo "1894"]
[BlackElo "2253"]
[Annotator "Gomard,Alexandre"]
[PlyCount "100"]
[EventDate "2018.??.??"]

1. e4 {[%emt 0:00:00]} e5 {[%emt 0:00:00]} 2. Nf3 Nc6 3. Bb5 a6 4. Ba4 Nf6 5.
d3 d6 6. O-O g6 7. d4 b5 8. Bb3 Bg4 9. dxe5 Nxe5 10. Nxe5 dxe5 11. Qxd8+ Rxd8
12. Bg5 Bg7 13. Nc3 c6 14. f3 Bc8 15. f4 h6 16. Bxf6 Bxf6 17. fxe5 Bxe5 18.
Bxf7+ Ke7 19. Bb3 Be6 20. Bxe6 Kxe6 21. Ne2 Rd2 22. Rf2 Bxb2 23. Nf4+ Kf6 24.
Rxd2 Bxa1 25. Rd7 Re8 26. Rc7 c5 27. Rc6+ Ke5 28. Nd3+ Kxe4 29. Rxg6 c4 30.
Nc5+ Ke3 31. Nxa6 Kd2 32. h4 Bd4+ 33. Kh2 Re3 34. g3 Kxc2 35. Rxh6 Be5 36. Rg6
Kb2 37. Nb4 c3 38. h5 Re2+ 39. Kh3 c2 40. Rb6 Kc3 41. Nxc2 Rxc2 42. Rxb5 Kd4
43. Kg4 Rxa2 44. Rb3 Kc4 45. Rf3 Kd5 46. Kg5 Ke6 47. h6 Ra8 48. h7 Ra7 49. Kh6
Ra6 50. g4 Ke7+ 1/2-1/2

[Event "33ème Open International d'Avoine"]
[Site "Avoine"]
[Date "2018.07.21"]
[Round "1.22"]
[White "Gao, Etienne"]
[Black "Prevot, Rodolphe"]
[Result "1-0"]
[WhiteElo "2249"]
[BlackElo "1891"]
[PlyCount "47"]
[EventDate "2018.??.??"]

1. e4 c5 2. Nf3 e6 3. d4 cxd4 4. Nxd4 a6 5. Nc3 Qc7 6. Be3 Nf6 7. a3 Nc6 8. Be2
Be7 9. O-O d6 10. f4 Bd7 11. Qe1 Nxd4 12. Bxd4 Bc6 13. Bf3 e5 14. fxe5 dxe5 15.
Qg3 O-O-O 16. Bxe5 Qb6+ 17. Kh1 h5 18. Rad1 Rhg8 19. Bxh5 Nxh5 20. Qh3+ Rd7 21.
Qxh5 Qc5 22. Rxd7 Bxd7 23. Nd5 f6 24. b4 1-0

[Event "33ème Open International d'Avoine"]
[Site "Avoine"]
[Date "2018.07.21"]
[Round "1.23"]
[White "Ouadi, Ali"]
[Black "Sandu, Mihaela"]
[Result "0-1"]
[WhiteElo "1889"]
[BlackElo "2248"]
[PlyCount "44"]
[EventDate "2018.??.??"]

1. d4 Nf6 2. c4 g6 3. Nc3 Bg7 4. Nf3 O-O 5. e4 d6 6. Be2 Nbd7 7. O-O e5 8. d5
Nc5 9. Qc2 a5 10. Rb1 Nfxe4 11. Nd1 f5 12. b3 f4 13. g3 Bf5 14. Qb2 Ng5 15.
Nxg5 Qxg5 16. Ra1 e4 17. Nc3 Bh3 18. a3 Bxf1 19. Bxf1 Qf6 20. Bd2 e3 21. Be1
fxg3 22. hxg3 exf2+ 0-1

[Event "33ème Open International d'Avoine"]
[Site "Avoine"]
[Date "2018.07.21"]
[Round "1.24"]
[White "Real, Thibault"]
[Black "Arene, Olivier"]
[Result "1-0"]
[WhiteElo "2246"]
[BlackElo "1888"]
[PlyCount "53"]
[EventDate "2018.??.??"]

1. d4 Nf6 2. Bf4 g6 3. Nc3 d5 4. Qd2 Bg7 5. Bh6 Bxh6 6. Qxh6 c5 7. e3 Qb6 8.
O-O-O Nc6 9. Nf3 Bf5 10. dxc5 Qxc5 11. Nd4 Nxd4 12. exd4 Qa5 13. Bb5+ Bd7 14.
Bxd7+ Kxd7 15. Rhe1 Rac8 16. Re3 Rhg8 17. Qh3+ e6 18. Rde1 Rc6 19. Rf3 Qd8 20.
Qg3 g5 21. Qe5 Rg6 22. h4 g4 23. Rfe3 h5 24. f4 Qc7 25. f5 Rh6 26. fxe6+ fxe6
27. Qg5 1-0

[Event "33ème Open International d'Avoine"]
[Site "Avoine"]
[Date "2018.07.21"]
[Round "1.25"]
[White "Zachary, Bastian"]
[Black "Bonnaud, Remy"]
[Result "0-1"]
[WhiteElo "1887"]
[BlackElo "2234"]
[PlyCount "104"]
[EventDate "2018.??.??"]

1. d4 d5 2. c4 c6 3. Nf3 Nf6 4. Nc3 dxc4 5. a4 Bf5 6. e3 e6 7. Bxc4 Bb4 8. O-O
O-O 9. Qe2 Ne4 10. Nxe4 Bxe4 11. b3 Bc3 12. Ra2 a5 13. Ba3 Re8 14. Rc1 Bb4 15.
Bxb4 axb4 16. Bd3 Bxf3 17. Qxf3 Nd7 18. Rd2 Nf6 19. Bc4 Qd7 20. e4 Rec8 21. Bf1
b5 22. axb5 cxb5 23. Rxc8+ Qxc8 24. Qe2 h6 25. f3 Qc3 26. Rd3 Qc6 27. Rd2 Ra1
28. Kf2 Qc3 29. Rd3 Qc1 30. Rd2 Qc3 31. Rd3 Qc7 32. g3 Rc1 33. Rd2 Qc3 34. Rd3
Qa1 35. Rd2 Qc3 36. Rd3 Qa1 37. Rd2 Rc3 38. Ra2 Qc1 39. Qd2 Rxf3+ 40. Kxf3
Qxf1+ 41. Qf2 Qh1+ 42. Qg2 Qd1+ 43. Qe2 Qxb3+ 44. Kg2 Qc3 45. d5 b3 46. Rb2
Nxe4 47. dxe6 fxe6 48. Rb1 Qc4 49. Rb2 Nc5 50. Qd2 Nd3 51. Rb1 Qc2 52. Rd1
Qxd2+ 0-1

[Event "33ème Open International d'Avoine"]
[Site "Avoine"]
[Date "2018.07.21"]
[Round "1.26"]
[White "Devallee, Jeremie"]
[Black "Di Paolo, Marco"]
[Result "1-0"]
[WhiteElo "2230"]
[BlackElo "1883"]
[PlyCount "55"]
[EventDate "2018.??.??"]

1. e4 c5 2. d4 cxd4 3. c3 dxc3 4. Nxc3 Nc6 5. Nf3 d6 6. Bc4 e6 7. O-O Be7 8.
Qe2 Nf6 9. Rd1 Qc7 10. Bf4 a6 11. Rac1 Nd7 12. Bb3 O-O 13. Nd5 exd5 14. exd5
Nde5 15. Bxe5 dxe5 16. dxc6 Bg4 17. cxb7 Qxb7 18. Bd5 Qb5 19. Qxb5 axb5 20.
Bxa8 Rxa8 21. Rd5 Rxa2 22. Nxe5 Be6 23. Rxb5 g6 24. f4 Kg7 25. Kf2 Ra4 26. g3
h5 27. h4 Kh6 28. Rb7 1-0

[Event "33ème Open International d'Avoine"]
[Site "Avoine"]
[Date "2018.07.21"]
[Round "1.27"]
[White "Veysseyre, Robin"]
[Black "Najart, David"]
[Result "1/2-1/2"]
[WhiteElo "1882"]
[BlackElo "2230"]
[PlyCount "89"]
[EventDate "2018.??.??"]

1. e4 c5 2. Nf3 d6 3. d4 cxd4 4. Qxd4 a6 5. c4 Nc6 6. Qd1 Nf6 7. Nc3 g6 8. Be3
Bg7 9. Rc1 Ng4 10. Bf4 Qb6 11. Qd2 O-O 12. h3 Nge5 13. Nxe5 dxe5 14. Nd5 Qd8
15. Be3 Nd4 16. c5 Bd7 17. Bc4 Rc8 18. b4 Bc6 19. h4 e6 20. Nc3 Qe7 21. h5 Rcd8
22. hxg6 fxg6 23. Qb2 Rf7 24. Rd1 Qf6 25. a4 Bf8 26. f3 Be8 27. Qc1 a5 28. Rh3
Be7 29. bxa5 Bc6 30. Nb5 Bxc5 31. Bg5 Nc2+ 32. Qxc2 Rxd1+ 33. Kxd1 Qxg5 34.
Bxe6 Qe3 35. Bxf7+ Kxf7 36. Rxh7+ Kg8 37. Rh1 Bxb5 38. axb5 Qd4+ 39. Ke2 Qf2+
40. Kd1 Qd4+ 41. Kc1 Qa1+ 42. Qb1 Qc3+ 43. Qc2 Qa1+ 44. Qb1 Qc3+ 45. Qc2
1/2-1/2

[Event "33ème Open International d'Avoine"]
[Site "Avoine"]
[Date "2018.07.21"]
[Round "1.28"]
[White "Grimberg, Gilbert"]
[Black "Gattuso, Christophe"]
[Result "1-0"]
[WhiteElo "2229"]
[BlackElo "1880"]
[PlyCount "79"]
[EventDate "2018.??.??"]

1. c4 e5 2. Nc3 Bb4 3. Qb3 Bxc3 4. Qxc3 Nc6 5. Nf3 d6 6. d4 e4 7. d5 exf3 8.
dxc6 fxe2 9. Bxe2 Qf6 10. Qf3 b6 11. Bd2 Qxf3 12. Bxf3 Ne7 13. c5 dxc5 14. b4
c4 15. Bf4 Be6 16. O-O-O Rc8 17. b5 Ng6 18. Bg3 O-O 19. Rhe1 Rfe8 20. Re3 Re7
21. h4 h6 22. h5 Nf8 23. Rde1 a6 24. bxa6 Ra8 25. Ra3 b5 26. a7 f6 27. Ra5 Kf7
28. Bf4 c3 29. Re3 g5 30. hxg6+ Nxg6 31. Bh5 b4 32. Rg3 Bf5 33. Rxf5 Re1+ 34.
Kc2 Rxa7 35. Bxg6+ Ke7 36. Re3+ Rxe3 37. Bxe3 Rxa2+ 38. Kb1 b3 39. Rc5 Re2 40.
Rxc3 1-0

[Event "33ème Open International d'Avoine"]
[Site "Avoine"]
[Date "2018.07.21"]
[Round "1.29"]
[White "Mauffrey, Hugues"]
[Black "Daeschler, Florian"]
[Result "0-1"]
[WhiteElo "1876"]
[BlackElo "2228"]
[PlyCount "50"]
[EventDate "2018.??.??"]

1. e4 e5 2. Nf3 Nc6 3. d4 exd4 4. Nxd4 Nf6 5. Nxc6 bxc6 6. e5 Qe7 7. Qe2 Nd5 8.
c4 Nb6 9. b3 a5 10. g3 a4 11. Ba3 Qe6 12. Bxf8 Rxf8 13. b4 Kd8 14. Nd2 Ba6 15.
Rc1 Re8 16. f4 f6 17. b5 cxb5 18. Bg2 c6 19. O-O Nxc4 20. Ne4 fxe5 21. f5 Qh6
22. Rce1 d5 23. Qd3 Kc7 24. Nc5 Bc8 25. Rf2 Qd6 0-1

[Event "33ème Open International d'Avoine"]
[Site "Avoine"]
[Date "2018.07.21"]
[Round "1.30"]
[White "Frick, Christoph"]
[Black "Fretel, Liza"]
[Result "1-0"]
[WhiteElo "2215"]
[BlackElo "1874"]
[PlyCount "81"]
[EventDate "2018.??.??"]

1. Nc3 c5 2. e4 Nc6 3. g3 g6 4. Bg2 Bg7 5. d3 d6 6. Nh3 Rb8 7. O-O b5 8. f4 h5
9. Nf2 Nd4 10. Nd5 h4 11. g4 e6 12. Ne3 g5 13. fxg5 Ne7 14. c3 Ndc6 15. Nh3 Ng6
16. Nc2 b4 17. d4 a5 18. Be3 Ba6 19. Rf2 c4 20. Nf4 Nxf4 21. Bxf4 b3 22. Ne3
Bf8 23. Qf3 Qc7 24. axb3 Rxb3 25. e5 Nd8 26. exd6 Bxd6 27. Bxd6 Qxd6 28. Qf6
Rg8 29. Rxa5 Qb6 30. Ra2 Rg6 31. Qh8+ Kd7 32. Qxh4 e5 33. Nd5 Qe6 34. dxe5 Bb7
35. Nf4 Qxe5 36. Bxb7 Qe1+ 37. Kg2 Rd6 38. Bf3 Qb1 39. Ra7+ Kc8 40. Ra8+ Kd7
41. Qh8 1-0

[Event "33ème Open International d'Avoine"]
[Site "Avoine"]
[Date "2018.07.21"]
[Round "1.31"]
[White "Giammari, Santu"]
[Black "Dutreuil, Raphael"]
[Result "1/2-1/2"]
[WhiteElo "1874"]
[BlackElo "2200"]
[PlyCount "122"]
[EventDate "2018.??.??"]

1. d4 Nf6 2. c4 g6 3. Nc3 d5 4. Nf3 Bg7 5. Bg5 Ne4 6. cxd5 Nxg5 7. Nxg5 e6 8.
Nh3 exd5 9. Nf4 c6 10. Qd2 O-O 11. e3 Nd7 12. Be2 Nf6 13. O-O Re8 14. b4 Bf5
15. Rac1 Rc8 16. b5 Qa5 17. Nb1 Qb6 18. Nc3 Qa5 19. Ne4 Qxd2 20. Nxd2 Bf8 21.
bxc6 Ba3 22. Rc3 Bb4 23. Rb3 Bxd2 24. Rxb7 g5 25. Nh3 Ne4 26. Rxa7 Nc3 27. Bh5
Bg6 28. Bxg6 fxg6 29. Nxg5 Rxc6 30. Rxh7 Ne2+ 31. Kh1 Rec8 32. g3 R8c7 33. Rxc7
Rxc7 34. Nf3 Bb4 35. Rb1 Be7 36. Kg2 Nc3 37. Rb6 Kg7 38. Ne5 Bf6 39. Ng4 Be7
40. Ne5 g5 41. Rg6+ Kh7 42. Rc6 Rxc6 43. Nxc6 Bd6 44. f3 Kg6 45. a4 Nxa4 46. e4
dxe4 47. fxe4 Nc3 48. e5 Bf8 49. e6 Nd5 50. Kf3 Kf5 51. Ne5 Nf6 52. h3 Be7 53.
Nc6 Bd6 54. Nd8 Nd5 55. Nf7 Bf8 56. Ne5 Nf6 57. Nc4 Nd5 58. Ne5 Nc7 59. Nc4
Nxe6 60. Ne3+ Kg6 61. Ke4 Ng7 1/2-1/2

[Event "33ème Open International d'Avoine"]
[Site "Avoine"]
[Date "2018.07.21"]
[Round "1.32"]
[White "Ronce, Nathan"]
[Black "Pellegrini, Thibaud"]
[Result "1-0"]
[WhiteElo "2198"]
[BlackElo "1871"]
[PlyCount "55"]
[EventDate "2018.??.??"]

1. e4 c5 2. Nc3 Nc6 3. f4 d6 4. Nf3 g6 5. Bb5 Bg7 6. Bxc6+ bxc6 7. O-O e6 8. d3
Ne7 9. Qe1 Rb8 10. Rb1 O-O 11. Kh1 Ba6 12. b3 d5 13. Na4 c4 14. Nc5 cxb3 15.
axb3 dxe4 16. Qxe4 Bc8 17. c4 Nf5 18. Ne5 Bxe5 19. fxe5 Qd4 20. Qxd4 Nxd4 21.
Bh6 Re8 22. g4 Nc2 23. Rb2 Nb4 24. Rbf2 f5 25. exf6 Kf7 26. Ne4 Rd8 27. Ng5+
Kg8 28. f7+ 1-0

[Event "33ème Open International d'Avoine"]
[Site "Avoine"]
[Date "2018.07.21"]
[Round "1.33"]
[White "Josse, Sebastien"]
[Black "Degardin, Sylvain"]
[Result "0-1"]
[WhiteElo "1867"]
[BlackElo "2197"]
[PlyCount "68"]
[EventDate "2018.??.??"]

1. e4 c5 2. Nc3 d6 3. f4 Nc6 4. Nf3 g6 5. g3 Bg7 6. Bg2 e6 7. O-O Nge7 8. d3
O-O 9. Qe1 Nd4 10. Nxd4 cxd4 11. Ne2 Qc7 12. c3 dxc3 13. bxc3 Bd7 14. Bd2 Bb5
15. d4 f5 16. Qf2 fxe4 17. Bxe4 e5 18. Qg2 Bxe2 19. Qxe2 exd4 20. c4 Rae8 21.
Qd3 Nf5 22. Rab1 b6 23. Rfe1 Ne3 24. a4 Kh8 25. Rec1 Qe7 26. Bf3 g5 27. Bh5 Qb7
28. Qe2 gxf4 29. Bxe8 f3 30. Qf2 Ng4 31. Bh5 Nxf2 32. Kxf2 Qe4 33. Re1 Qc2 34.
Red1 Qd3 0-1

[Event "33ème Open International d'Avoine"]
[Site "Avoine"]
[Date "2018.07.21"]
[Round "1.34"]
[White "Bressy, Theo"]
[Black "Perrin, Alexis"]
[Result "0-1"]
[WhiteElo "2194"]
[BlackElo "1866"]
[PlyCount "112"]
[EventDate "2018.??.??"]

1. Nf3 c5 2. e4 e6 3. d4 cxd4 4. Nxd4 Nc6 5. Nc3 Qc7 6. Be3 a6 7. Qf3 Bc5 8.
Nxe6 dxe6 9. Bxc5 Nge7 10. Qe3 b5 11. f4 O-O 12. Bd3 Re8 13. e5 Bb7 14. Ne4 Nf5
15. Qf2 Rac8 16. Bb6 Qb8 17. O-O Nb4 18. g4 Nxd3 19. cxd3 Bxe4 20. dxe4 Nh4 21.
Ba5 Ng6 22. Rac1 Rxc1 23. Rxc1 Rc8 24. Rd1 Qb7 25. Rd4 h6 26. Bc3 Kh7 27. h4
Ne7 28. a3 Nc6 29. Rd6 a5 30. f5 b4 31. axb4 axb4 32. Bd2 Nxe5 33. fxe6 fxe6
34. Qf4 Ng6 35. Qe3 Nxh4 36. Rxe6 Qf7 37. Rd6 Rf8 38. Qe2 Nf3+ 39. Kg2 Qc7 40.
e5 Qc5 41. Qe4+ Kh8 42. Bf4 Ng5 43. Qe3 Qc2+ 44. Kg3 Ne4+ 45. Kh3 Nxd6 46. exd6
Qxb2 47. Bg3 Qc3 48. Qe7 Qf6 49. Qe3 Rd8 50. Qb6 Qf1+ 51. Kh2 Rc8 52. Bf2 Rc2
53. Kg3 Qd3+ 54. Kg2 Qe4+ 55. Kg3 Rc3+ 56. Kh2 Qxg4 0-1